00718nam a2200241 a 4500001001300000003000900013005001700022008004100039020000900080082001700089100002800106245003900134260004400173300000800217500003500225505002400260650001600284700002800300902000800328942000700336952011600343999001700459nice12345678IN_TiNIC20260116013430.0050524s1986 bana grp 000 0 eng  ac1500a340.59bNAD7 aNadvi, Mohd Shahabuddin aBattle of Islamic Shariah in India aBangalorebFurqania Academy Trustc1986 a80p aincludes index and biblioraphy2 aIndex, Bibliography aIslamic-Law1 aNadvi, Mohd Shahabuddin bSRS cBK 001040708StackRoom-aHMIbHMId2007-05-21g15.00l0o340.59 NAD7p016014r2007-05-21v15.00w2005-05-24yBK c10958d10958